Statistics for NBA Playoffs Top 100 All-Time: Games

Click here to take the quiz!

General Stats

  • This quiz has been taken 161 times
    (73 since last reset)
  • The average score is 61 of 102

Answer Stats

#PlayerGames% Correct
1LeBron James287
100%
T52Stephen Curry147
100%
T44Jerry West153
96%
13Magic Johnson190
96%
19Michael Jordan179
96%
35Bill Russell165
94%
T26Kevin Durant170
94%
7Kobe Bryant220
94%
9Shaquille O'Neal216
94%
5Kareem Abdul-Jabbar237
92%
T11Karl Malone193
92%
T39Klay Thompson158
92%
38Wilt Chamberlain160
92%
41Draymond Green157
90%
T44A.C. Green153
88%
T29Danny Green169
88%
18Dennis Johnson180
88%
T20Dwyane Wade177
88%
17John Stockton182
88%
14Julius Erving189
88%
36Larry Bird164
88%
T26Paul Pierce170
88%
66Clifford Robinson141
86%
T100David Robinson123
86%
25Ray Allen171
86%
10Scottie Pippen208
86%
3Tim Duncan251
86%
T49Chris Paul149
84%
34James Harden166
84%
T62Kevin Garnett143
84%
6Tony Parker226
84%
T55Dirk Nowitzki145
82%
15Robert Parish184
80%
T29Dennis Rodman169
78%
T29Kevin McHale169
78%
47Bobby Jones151
76%
T95Caldwell Jones125
76%
T55Hakeem Olajuwon145
76%
51James Jones148
76%
8Manu Ginóbili218
76%
T59Reggie Miller144
76%
T42Sam Jones154
76%
T100Charles Barkley123
74%
T62James Worthy143
74%
T71Patrick Ewing139
74%
T75Pau Gasol136
74%
T79Rajon Rondo134
74%
T55Clyde Drexler145
72%
T79Elgin Baylor134
72%
T39Jason Kidd158
72%
24John Havlicek172
72%
T71Kawhi Leonard139
72%
74Dale Davis137
70%
2Derek Fisher259
68%
T20Andre Iguodala177
66%
T95Dwight Howard125
66%
4Robert Horry244
66%
T85Ben Wallace130
64%
T20Rasheed Wallace177
64%
54Chauncey Billups146
60%
T67J.R. Smith140
58%
84Mark Jackson131
58%
90Steve Kerr128
58%
T42Gary Payton154
56%
T20
Al Horford177
54%
T26Horace Grant170
54%
T75Kyle Lowry136
44%
T85Richard Hamilton130
44%
T59George Hill144
42%
T97Jason Terry124
42%
T49Udonis Haslem149
40%
T82Maurice Cheeks133
38%
T97Terry Porter124
38%
32Michael Cooper168
36%
46Serge Ibaka152
36%
16Byron Scott183
34%
T59Charles Oakley144
34%
T55Kyle Korver145
34%
T97Bill Cartwright124
32%
T67Tayshaun Prince140
32%
78Bruce Bowen135
30%
T62Kendrick Perkins143
30%
33Sam Perkins167
30%
T67Jeff Hornacek140
26%
T71Kurt Rambis139
26%
T85Paul Millsap130
26%
T79John Salley134
22%
T67Richard Jefferson140
22%
89Michael Finley129
18%
T82Dan Issel133
16%
48Don Nelson150
16%
T75Sam Cassell136
16%
T92Jerome Kersey126
14%
T92Shaun Livingston126
14%
T100Dan Majerle123
12%
T85Tom Sanders130
10%
91Brian Shaw127
4%
65Derrick McKey142
4%
T52Lindsey Hunter147
4%
37Paul Silas163
4%
T92Billy Paultz126
2%
T11Danny Ainge193
2%

Score Distribution

Percentile by Number Answered

Percent of People with Each Score

Your Score History

You have not taken this quiz since the last reset